Plan Nacional Plurianual del Sector Público 2011-2014 (Record no. 9472)

MARC details
000 -LEADER
campo de control de longitud fija 00444nam a2200145Ia 4500
001 - NÚMERO DE CONTROL
campo de control 2308
008 - DATOS DE LONGITUD FIJA--INFORMACIÓN GENERAL
campo de control de longitud fija 241024s9999 xx 000 0 und d
082 ## - NÚMERO DE LA CLASIFICACIÓN DECIMAL DEWEY
Número de clasificación RD/352.34/R426p/2011-2014
100 ## - ENTRADA PRINCIPAL--NOMBRE DE PERSONA
Nombre de persona República Dominicana. Ministerio de Economía, Planificación y Desarrollo
245 #0 - MENCIÓN DEL TÍTULO
Título Plan Nacional Plurianual del Sector Público 2011-2014
260 ## - PUBLICACIÓN, DISTRIBUCIÓN, ETC.
Nombre del editor, distribuidor, etc. Amigo del Hogar
Fecha de publicación, distribución, etc. 2011
590 ## - NOTA LOCAL (RLIN)
Nota local si
901 ## - ELEMENTOS DE DATOS A LOCAL LDA (RLIN)
a 11/7/2012 4:43:34 p.m.

No items available.

© 2024. Todos los Derechos Reservados. Desarrollado por IDEICE